| 000 | 01280nam a2200361Ia 4500 | ||
|---|---|---|---|
| 001 | Z_1768 | ||
| 003 | CHAP | ||
| 008 | 220113s9999 xx 000 0 und d | ||
| 010 | _a164859 | ||
| 020 | _a968-24-5818-8 | ||
| 040 | _cCHAP | ||
| 082 | _a574.88 W35 | ||
| 100 |
_aWallace, Robert Ardell _9120920 |
||
| 245 |
_aBiología molecular y herencia / _cRobert Ardell Wallace, Jack L. king y Gerald P. Sanders; traducción María Eugenia Manjarréz Zavala...[et al.]; revisión técnica y coordinación Julio Raúl Santiago Cruz |
||
| 260 |
_aMéxico : _bTrillas, _c |
||
| 300 | _a224 p. | ||
| 440 |
_aLa ciencia de la vida, 1 _9138921 |
||
| 500 | _aTraducción de la obra en inglés: Biology. the science of life \ La biblioteca cuenta con las reimpresiones de 1999 y 2002 | ||
| 503 | _aej.1: 199299 \ ej.2: C/E | ||
| 504 | _aBibliografía: p. 408 - 409 | ||
| 650 |
_aBiología molecular _9138922 |
||
| 650 |
_aGenética _947469 |
||
| 700 |
_a Manjarréz Zavala, María Eugenia, tr. _9138923 |
||
| 700 |
_a Sanders, Gerald P., coaut. _9138924 |
||
| 700 |
_a Santiago Cruz, Julio Raúl, rev. _9138925 |
||
| 700 |
_aking, Jack L., coaut. _9138926 |
||
| 901 | _a574.88 W35 | ||
| 902 | _aM | ||
| 910 | _a | ||
| 942 | _c1 | ||
| 942 | _cc1 | ||
| 999 |
_c164859 _d164859 |
||